| 000 | 00843nam a2200169Ia 4500 | ||
|---|---|---|---|
| 008 | 220515s9999||||xx |||||||||||||| ||und|| | ||
| 020 | _a0-12-374013-4 | ||
| 050 | _aTK 5105.5 .P479 2007 | ||
| 100 | _aPeterson, L.|Davie, B. | ||
| 245 | 0 | _aComputer networks: a system approach | |
| 250 | _a4th ed. | ||
| 260 |
_aAMREF Tanzania _bMorgan Kaufmann _c2007 |
||
| 300 | _axxvii, 806p. | ||
| 500 | _aProvides an enduring, practical understanding of networks and their building blocks through rich, example-based instruction. Focuses on network design, not just the specifications comprising today's systems but how key technologies and protocols actually work in the real world to solve specific problems. | ||
| 650 | _aBuilding a network|Network architecture|Network software|End to end protocols|Network security|Internetwork | ||
| 942 |
_2lcc _cBK |
||
| 999 |
_c2681 _d2681 |
||